| 000 | 00526nam a2200193Ia 4500 | ||
|---|---|---|---|
| 005 | 20240823012601.0 | ||
| 008 | 240823s9999||||xx |||||||||||||| ||und|| | ||
| 020 | _a81-86308-74-1 | ||
| 041 | _aENGLISH | ||
| 082 | _A621.317 N7 | ||
| 100 | _aBimal K Bose Ed. | ||
| 245 | 0 | _aPower Electronics and variable Frequency Drives : Technology and Applications | |
| 250 | _a1st | ||
| 260 |
_c1997 _b"Standard Pub,New " _aDelhi |
||
| 500 | _aYES | ||
| 650 |
_aPower Electronics _bInstrumentation |
||
| 942 | _cBK | ||
| 999 |
_c164820 _d164820 |
||